Filosofia tradicional dos cabindas : através dos seus testos de panela, provérbios, adivinhas, fábulas (Registo nº 199681)

Detalhes MARC
000 -Etiqueta do registo
Valores 00676nam 22001693 4500
100 ## - Dados gerais de processamento
Dados gerais 20251222d u||y0pory50 ba
200 ## - Titulo e menção de responsabilidade
Título próprio Filosofia tradicional dos cabindas : através dos seus testos de panela, provérbios, adivinhas, fábulas
Primeira menção de responsabilidade José Martins Vaz
210 ## - Publicação
Local de publicação Lisboa
Nome do editor Agência Geral do Ultramar
Data de publicação 1969-1970
215 ## - Descrição física 
Paginação / Volumes 2 vols.
Outras indicações físicas il. ; brochado
Dimensões 23 cm
327 ## - Nota de conteúdo
Texto da nota vol. I: 792, [4] p.<br/>vol. II: 383, [5] p.
606 ## - Nome comum usado como assunto
ID Autoridade 2051
Palavra de ordem Antropologia Cultural. Etnologia. Etnografia. Usos e Costumes. Tradições. Modo de vida. Folclore
675 ## - CDU
Notação 39
Edição PT
Língua por
700 ## - Autor principal (pessoa individual)
ID Autoridade 15480
Apelido Vaz
Nome José Martins
801 ## - Fonte de origem
País PT
Agência BMMN
Regras de catalogação RPC
990 ## - Elementos KOHA
Tipo de documento Livro
Exemplares
Situação do levantamento Biblioteca de origem Código de barras Cota Permissão de empréstimo Tipo de documento Forma de aquisição
  Biblioteca Municipal de Montemor-o-Novo 28630 39 VAZ|DEP (vol. I)   Livro Compra
  Biblioteca Municipal de Montemor-o-Novo 28631 39 VAZ|DEP (vol. II)   Livro Compra

Powered by Koha